00573nam a2200169Ia 4500999001700000082001200017100001600029245008300045260003500128300000800163650003700171650002400208650002800232710001800260942001200278952011300290 c13748d13748 aTA.0195 aAshok Kumar 0aEthics of John Dewey in the context of social change in U.S.A. in 20th century c1982bBanaras Hindu University a247 aUnited StatesvSocial conditions aAmerican Philosophy aDewey, JohnvPhilosophy aRaman, N.S.S. cTH2ddc 00104070aNASSDOCbNASSDOCd2004-10-08i2004-10-22l0oTA.0195p17941r2019-04-18 00:00:00w2019-04-18yTH